000 00365nam a2200121Ia 4500
008 220615s9999||||xx |||||||||||||| ||und||
245 0 _aBasic and Clinical Endocrinology Up-to-Date
546 _aEnglish[eng]
650 _aEndocrinology
700 _aAkin, Fulya
856 _uhttps://mts.intechopen.com/storage/books/505/authors_book/authors_book.pdf
942 _cEB
999 _c13635
_d13635